000 00394nam a22001697a 4500
005 20221224111427.0
008 221219b |||||||| |||| 00| 0 eng d
020 _a978-81906919-4-9
041 _aeng
082 _a621.3
100 _aGUPTA ,J.B
245 _aBASIC ELECTRONICS
250 _a1st ed.
260 _aNEW DELHI
_bS.K. KATARIA & SONS
_c2022
300 _a746;P.
942 _cBK
999 _c8125
_d8123